[Event "ROM-chT2"]
[Site "Calimanesti"]
[Date "2014.11.15"]
[Round "8.1"]
[White "Tarlev, Konstantin"]
[Black "Oltean, Dorel"]
[Result "1-0"]
[WhiteElo "2557"]
[BlackElo "2364"]
[PlyCount "37"]
[EventDate "2014.11.08"]
[EventType "team-tourn"]
[EventRounds "9"]
[EventCountry "ROU"]
[SourceTitle "CBM 163 Extra"]
[Source "ChessBase"]
[SourceDate "2014.12.23"]
[SourceVersion "1"]
[SourceVersionDate "2014.12.23"]
[SourceQuality "1"]
[WhiteTeam "Brasov CSU"]
[BlackTeam "Cluj Napoca"]
[WhiteTeamCountry "ROU"]
[BlackTeamCountry "ROU"]

1. e4 c5 2. Nf3 d6 3. d4 cxd4 4. Nxd4 Nf6 5. Nc3 a6 6. Be3 e6 7. g4 b5 8. g5 b4 9. gxf6 bxc3 10. fxg7 Bxg7 11. bxc3 Qc7 12. Qd2 Bb7 13. Rg1 Bf6 14. f3 Nd7 15. Rb1 Ke7 16. Bg5 Rab8 17. Rg3 Rbc8 18. Rh3 Qa5 19. Nxe6 1-0

[Event "ROM-chT2"]
[Site "Olanesti"]
[Date "2013.10.12"]
[Round "1.1"]
[White "Grecescu, Gabriel Andrei"]
[Black "Oltean, Dorel"]
[Result "0-1"]
[WhiteElo "2394"]
[BlackElo "2361"]
[PlyCount "80"]
[EventDate "2013.10.12"]
[EventType "team-tourn"]
[EventRounds "9"]
[EventCountry "ROU"]
[SourceTitle "EXT 2014"]
[Source "ChessBase"]
[SourceDate "2013.11.20"]
[SourceVersion "1"]
[SourceVersionDate "2013.11.20"]
[SourceQuality "1"]
[WhiteTeam "Timis Sinandrei"]
[BlackTeam "Cluj Napoca"]
[WhiteTeamCountry "ROU"]
[BlackTeamCountry "ROU"]

1. e4 c5 2. Nf3 d6 3. Bb5+ Nd7 4. d4 cxd4 5. Nxd4 Ngf6 6. f3 e6 7. c4 Be7 8. Nc3 a6 9. Bxd7+ Bxd7 10. Nce2 Qc7 11. b3 d5 12. cxd5 exd5 13. Bf4 Bd6 14. Rc1 Qa5+ 15. Bd2 Qb6 16. 0-0 dxe4 17. fxe4 Nxe4 18. Be3 Qd8 19. Qd3 Qe7 20. Nf4 0-0 21. Nd5 Qe5 22. Nf3 Qe8 23. Rc4 f5 24. Nc7 Bxc7 25. Rxc7 Rf7 26. Rxb7 Bb5 27. Qd5 Nc3 28. Qxf7+ Qxf7 29. Rxf7 Kxf7 30. Re1 Nxa2 31. Bd2 Rc8 32. Ng5+ Kg8 33. Re7 Rc2 34. Bf4 Nb4 35. Nxh7 Nd5 36. Nf6+ Nxf6 37. Be5 Rc1+ 38. Kf2 Ng4+ 39. Kg3 Nxe5 40. Rxe5 Kf7 0-1

[Event "CP-2010-S-00001"]
[Site "LSS email"]
[Date "2013.05.01"]
[Round "?"]
[White "Istomin, Sergei"]
[Black "Oltean, Dorel"]
[Result "1/2-1/2"]
[WhiteElo "2215"]
[BlackElo "2304"]
[PlyCount "51"]
[EventDate "2013.05.05"]
[EventType "tourn (corr)"]
[EventRounds "7"]
[EventCountry "GER"]
[SourceTitle "Telechess CBM 167"]
[Source "ChessBase"]
[SourceDate "2015.07.13"]
[SourceVersion "1"]
[SourceVersionDate "2015.07.13"]
[SourceQuality "1"]

1. d4 d5 2. c4 c6 3. Nf3 Nf6 4. e3 e6 5. Bd3 dxc4 6. Bxc4 c5 7. 0-0 a6 8. dxc5 Bxc5 9. Qxd8+ Kxd8 10. Be2 Ke7 11. Nbd2 Bd7 12. b3 Bb5 13. Nc4 Nbd7 14. Bb2 Rhd8 15. Rac1 Nb6 16. Nfd2 Nxc4 17. Nxc4 Bxc4 18. Bxc4 Rd2 19. Bc3 Rdd8 20. a4 Rac8 21. Rfd1 Rxd1+ 22. Rxd1 g6 23. Kf1 Nd7 24. Rc1 Bd6 25. h3 Rc6 26. Bb2 1/2-1/2

[Event "CP-2010-Q-00010"]
[Site "LSS email"]
[Date "2012.01.15"]
[Round "?"]
[White "Oltean, Dorel"]
[Black "Malichev, Ivan"]
[Result "1/2-1/2"]
[WhiteElo "2302"]
[BlackElo "2090"]
[PlyCount "125"]
[EventDate "2012.01.20"]
[EventType "tourn (corr)"]
[EventRounds "6"]
[EventCountry "GER"]
[SourceTitle "Telechess CBM 159"]
[Source "ChessBase"]
[SourceDate "2014.03.17"]
[SourceVersion "1"]
[SourceVersionDate "2014.03.17"]
[SourceQuality "1"]

1. e4 c5 2. Nf3 d6 3. d4 Nf6 4. Nc3 cxd4 5. Nxd4 a6 6. Bg5 e6 7. f4 Qb6 8. Qd2 Nc6 9. Bxf6 gxf6 10. Nb3 Bd7 11. 0-0-0 0-0-0 12. Be2 h5 13. Rhf1 Kb8 14. Kb1 Be7 15. Rf3 h4 16. Qe1 Rdg8 17. Bf1 Rg4 18. a3 Rhg8 19. h3 Rg3 20. Rxg3 hxg3 21. Rd3 Qf2 22. Qxf2 gxf2 23. Rd2 f5 24. exf5 Bh4 25. fxe6 Bxe6 26. Nc1 Ne7 27. g4 Re8 28. Nd1 Nd5 29. Nxf2 Nxf4 30. Rd4 Nd5 31. Nd1 Kc7 32. Ne2 Nb6 33. Nf4 Bd7 34. Ng2 Bg3 35. Nde3 Be5 36. Rd2 Bg3 37. Rd3 Be5 38. c3 Rh8 39. h4 Rg8 40. h5 f5 41. gxf5 Rg5 42. Rd2 Rxh5 43. Rf2 Kd8 44. Nf4 Bxf4 45. Rxf4 Bc6 46. Rd4 Ke7 47. f6+ Ke6 48. f7 Kxf7 49. Rxd6 Ke7 50. Rd2 Nd5 51. Nxd5+ Bxd5 52. b4 b5 53. Bg2 Bxg2 54. Rxg2 Rh6 55. Rd2 Rc6 56. Kc2 Ke6 57. Kb3 Ke7 58. Rd3 Ke6 59. a4 Rd6 60. Rxd6+ Kxd6 61. c4 bxc4+ 62. Kxc4 Kc6 63. Kd3 1/2-1/2

[Event "CP-2010-Q-00010"]
[Site "LSS email"]
[Date "2012.01.15"]
[Round "?"]
[White "Schunck, Franz"]
[Black "Oltean, Dorel"]
[Result "1/2-1/2"]
[WhiteElo "2126"]
[BlackElo "2302"]
[PlyCount "78"]
[EventDate "2012.01.20"]
[EventType "tourn (corr)"]
[EventRounds "6"]
[EventCountry "GER"]
[SourceTitle "Telechess CBM 159"]
[Source "ChessBase"]
[SourceDate "2014.03.17"]
[SourceVersion "1"]
[SourceVersionDate "2014.03.17"]
[SourceQuality "1"]

1. d4 Nf6 2. c4 g6 3. Nc3 Bg7 4. e4 d6 5. Nf3 0-0 6. Be2 e5 7. Be3 Ng4 8. Bg5 f6 9. Bh4 g5 10. Bg3 Nh6 11. dxe5 dxe5 12. Qb3 c6 13. Nd2 Qe7 14. 0-0-0 Na6 15. Kb1 Nc7 16. f3 Ne6 17. Qa4 Nd4 18. Bd3 Rd8 19. Nb3 Nf7 20. Ne2 Nxe2 21. Bxe2 Rxd1+ 22. Rxd1 c5 23. Nd2 Be6 24. Qa3 b6 25. Nf1 f5 26. exf5 Bxf5+ 27. Kc1 e4 28. Ne3 Qe6 29. Nxf5 Qxf5 30. Qa4 Qf6 31. Qc2 h5 32. Be1 h4 33. h3 e3 34. Rd7 Kf8 35. f4 Qxf4 36. Qh7 Rd8 37. Rxa7 Be5 38. b3 Qf6 39. Bh5 Nh8 1/2-1/2

[Event "CP-2007-F-00001"]
[Site "LSS email"]
[Date "2011.10.01"]
[Round "?"]
[White "Oltean, Dorel"]
[Black "Miettinen, Kristo S"]
[Result "1-0"]
[WhiteElo "2302"]
[BlackElo "2228"]
[PlyCount "115"]
[EventDate "2011.10.01"]
[EventType "tourn (corr)"]
[EventRounds "16"]
[EventCountry "GER"]
[SourceTitle "Telechess CBM 159"]
[Source "ChessBase"]
[SourceDate "2014.03.17"]
[SourceVersion "1"]
[SourceVersionDate "2014.03.17"]
[SourceQuality "1"]

1. e4 e5 2. Nf3 Nc6 3. Bb5 a6 4. Ba4 Nf6 5. 0-0 Be7 6. Re1 b5 7. Bb3 d6 8. c3 0-0 9. h3 Na5 10. Bc2 c5 11. d4 cxd4 12. cxd4 Bb7 13. d5 Rc8 14. Nbd2 Qc7 15. Bd3 Nd7 16. Nf1 f5 17. b3 Bf6 18. Ba3 Nc5 19. Rc1 Qb6 20. Bxc5 Rxc5 21. Rxc5 Qxc5 22. Qd2 Qc7 23. Rc1 Qb6 24. Qe2 b4 25. Qe3 Qxe3 26. Nxe3 fxe4 27. Bxe4 g6 28. Ne1 Rc8 29. Rxc8+ Bxc8 30. Nd3 Nb7 31. Nxb4 Nc5 32. Bc2 Nd7 33. Nc4 Be7 34. Nc6 Kf7 35. b4 Ke8 36. Ba4 Nf6 37. Nb6 Bd7 38. Nxe7 Bxa4 39. Nec8 Kd8 40. Nxd6 Kc7 41. Nxa4 Kxd6 42. Nc5 a5 43. Nb7+ Kxd5 44. Nxa5 Ne4 45. a3 Nd6 46. Nb3 Kc4 47. Nc5 Nb5 48. Nd7 Nxa3 49. Nf8 Nc2 50. Nxh7 Nxb4 51. Nf8 Kd5 52. g4 g5 53. Nh7 e4 54. Nxg5 Ke5 55. Kg2 Kf4 56. Ne6+ Ke5 57. Ng7 Kf4 58. Nh5+ 1-0

[Event "CP-2007-F-00001"]
[Site "LSS email"]
[Date "2011.09.30"]
[Round "?"]
[White "Domanov, Dmitry"]
[Black "Oltean, Dorel"]
[Result "1-0"]
[WhiteElo "2446"]
[BlackElo "2302"]
[PlyCount "65"]
[EventDate "2011.10.01"]
[EventType "tourn (corr)"]
[EventRounds "16"]
[EventCountry "GER"]
[SourceTitle "Telechess CBM 159"]
[Source "ChessBase"]
[SourceDate "2014.03.17"]
[SourceVersion "1"]
[SourceVersionDate "2014.03.17"]
[SourceQuality "1"]

1. e4 c5 2. Nf3 d6 3. d4 cxd4 4. Nxd4 Nf6 5. Nc3 a6 6. h3 e6 7. g4 b5 8. Bg2 Bb7 9. 0-0 Nfd7 10. a4 b4 11. Na2 a5 12. c3 bxc3 13. Nxc3 Nc5 14. Ndb5 Be7 15. Bf4 Ra6 16. Re1 0-0 17. Re2 e5 18. Be3 Nbd7 19. Rd2 Qb8 20. h4 h6 21. g5 hxg5 22. hxg5 g6 23. Qg4 Kg7 24. Rf1 Qd8 25. Rfd1 Qb8 26. Qg3 Ne6 27. Nd5 Bxd5 28. exd5 Nec5 29. f4 f6 30. fxe5 fxe5 31. Rc2 Bd8 32. Bh3 Bb6 33. Kg2 1-0

[Event "CP-2007-F-00001"]
[Site "LSS email"]
[Date "2011.09.30"]
[Round "?"]
[White "Oltean, Dorel"]
[Black "Caire, Francois"]
[Result "0-1"]
[WhiteElo "2302"]
[BlackElo "2474"]
[PlyCount "58"]
[EventDate "2011.10.01"]
[EventType "tourn (corr)"]
[EventRounds "16"]
[EventCountry "GER"]
[SourceTitle "Telechess CBM 159"]
[Source "ChessBase"]
[SourceDate "2014.03.17"]
[SourceVersion "1"]
[SourceVersionDate "2014.03.17"]
[SourceQuality "1"]

1. d4 Nf6 2. c4 g6 3. Nc3 Bg7 4. e4 d6 5. Nf3 0-0 6. Be2 e5 7. 0-0 Nc6 8. d5 Ne7 9. Ne1 Nd7 10. Nd3 f5 11. f3 f4 12. Bd2 h5 13. Rc1 g5 14. Be1 Ng6 15. Bf2 Nf6 16. c5 g4 17. cxd6 cxd6 18. Nb5 Rf7 19. Qc2 Ne8 20. Kh1 Bd7 21. a4 Bh6 22. Rfd1 g3 23. Bg1 gxh2 24. Bxh2 Bg5 25. Rd2 Bh4 26. Qd1 Bg3 27. Rdc2 a6 28. Nc3 Rh7 29. Qg1 Nf6 0-1

[Event "CP-2007-F-00001"]
[Site "LSS email"]
[Date "2011.09.30"]
[Round "?"]
[White "Oltean, Dorel"]
[Black "Dutra Neto, Alfredo Carlos S"]
[Result "0-1"]
[WhiteElo "2302"]
[BlackElo "2403"]
[PlyCount "120"]
[EventDate "2011.10.01"]
[EventType "tourn (corr)"]
[EventRounds "16"]
[EventCountry "GER"]
[SourceTitle "Telechess CBM 159"]
[Source "ChessBase"]
[SourceDate "2014.03.17"]
[SourceVersion "1"]
[SourceVersionDate "2014.03.17"]
[SourceQuality "1"]

1. e4 c5 2. Nf3 e6 3. d4 cxd4 4. Nxd4 Nc6 5. Nc3 Qc7 6. Be3 a6 7. Qd2 Nf6 8. 0-0-0 Bb4 9. f3 Ne5 10. Nb3 b5 11. Qe1 Rb8 12. Qg3 0-0 13. Kb1 Bxc3 14. bxc3 d6 15. Bd4 a5 16. Ka1 Bb7 17. Nc5 Ng6 18. Bxf6 Qxc5 19. Bd4 Qc7 20. Qe1 Bc6 21. h4 e5 22. h5 Ne7 23. Bf2 h6 24. Bd3 d5 25. Qe3 Rfc8 26. Qc5 Qd8 27. Qe3 dxe4 28. fxe4 Bd7 29. Bh4 f6 30. Be2 Qc7 31. Rd3 Kh7 32. Rhd1 Be8 33. Rd6 Qxc3+ 34. Qxc3 Rxc3 35. Rd8 Rxd8 36. Rxd8 Rc8 37. Rxc8 Nxc8 38. Be1 Nd6 39. Bxa5 Nxe4 40. Bd3 Bc6 41. Kb2 g5 42. hxg6+ Kxg6 43. g3 h5 44. Bxe4+ Bxe4 45. Kc3 Kf5 46. Bd8 Bd5 47. Kd3 Bxa2 48. Ke3 Bd5 49. c3 h4 50. gxh4 Bf7 51. Kd3 Ke6 52. h5 Bxh5 53. c4 Bg6+ 54. Kc3 bxc4 55. Kxc4 f5 56. Kd3 f4+ 57. Ke2 Bh5+ 58. Kf2 e4 59. Ba5 e3+ 60. Kf1 Kf5 0-1

[Event "BI-2010-F-00001"]
[Site "LSS email"]
[Date "2011.02.21"]
[Round "?"]
[White "Oltean, Dorel"]
[Black "Kuhne, Detlev"]
[Result "1/2-1/2"]
[WhiteElo "2325"]
[BlackElo "2329"]
[PlyCount "89"]
[EventDate "2011.02.24"]
[EventType "tourn (corr)"]
[EventRounds "10"]
[EventCountry "GER"]
[SourceTitle "Telechess CBM 151"]
[Source "ChessBase"]
[SourceDate "2012.11.13"]
[SourceVersion "1"]
[SourceVersionDate "2012.11.13"]
[SourceQuality "1"]

1. c4 e5 2. Nc3 Nf6 3. g3 Bb4 4. Bg2 0-0 5. Nf3 Nc6 6. 0-0 e4 7. Ng5 Bxc3 8. bxc3 Re8 9. f3 exf3 10. Nxf3 d5 11. d4 Ne4 12. Qc2 dxc4 13. Rb1 Qd7 14. Ne5 Nxe5 15. Bxe4 Ng6 16. Bxb7 Bxb7 17. Rxb7 Qc6 18. Rb2 Ne7 19. e4 f6 20. Qg2 Nc8 21. Re2 Nd6 22. Rfe1 h6 23. e5 Qxg2+ 24. Kxg2 fxe5 25. dxe5 Nb7 26. Re4 Nc5 27. Rxc4 Nd3 28. Rd1 Nxc1 29. Rxc1 Rxe5 30. Rxc7 Re2+ 31. Kh3 Rxa2 32. Rd1 Ra5 33. Rdd7 Rg5 34. Rxa7 Rxa7 35. Rxa7 Rc5 36. Ra3 Rc4 37. Kg2 Kf7 38. Kf3 h5 39. Rb3 g5 40. Ke3 h4 41. gxh4 Rxh4 42. Rb2 Ke6 43. Kd3 Kd5 44. Rb5+ Kc6 45. Rxg5 1/2-1/2

[Event "BI-2010-F-00001"]
[Site "LSS email"]
[Date "2011.02.21"]
[Round "?"]
[White "Oltean, Dorel"]
[Black "Zolendowski, Cesary"]
[Result "1/2-1/2"]
[WhiteElo "2325"]
[BlackElo "2230"]
[PlyCount "79"]
[EventDate "2011.02.24"]
[EventType "tourn (corr)"]
[EventRounds "10"]
[EventCountry "GER"]
[SourceTitle "Telechess CBM 151"]
[Source "ChessBase"]
[SourceDate "2012.11.13"]
[SourceVersion "1"]
[SourceVersionDate "2012.11.13"]
[SourceQuality "1"]

1. d4 d5 2. c4 c6 3. Nf3 e6 4. Qc2 Nf6 5. g3 dxc4 6. Qxc4 b5 7. Qd3 Bb7 8. Bg2 Nbd7 9. 0-0 a6 10. a4 Be7 11. Bg5 0-0 12. Nc3 Qb6 13. Be3 b4 14. a5 Qc7 15. Bf4 Qd8 16. Ne4 Nxe4 17. Qxe4 Nf6 18. Qc2 Nd5 19. Be5 Rc8 20. e4 Nf6 21. Rfd1 c5 22. d5 exd5 23. exd5 Bd6 24. Qc4 Re8 25. Re1 h5 26. Rad1 Ng4 27. Bxd6 Rxe1+ 28. Nxe1 Qxd6 29. Nd3 Nf6 30. Nf4 Rc7 31. h4 Bc8 32. b3 g6 33. Re1 Bd7 34. Bf1 Bb5 35. Qc2 Bxf1 36. Kxf1 Kh8 37. Qe2 Rd7 38. Kg1 Kh7 39. Qc4 Kg7 40. Rc1 1/2-1/2